Countries with the Most Northern Southern Point by Continent - Statistics

General Stats
  • This quiz has been taken 1,601 times
  • The average score is 27 of 30
Answer Stats
Continent Latitude Country % Correct
North America 41°57' N Canada
97%
Africa 22°00' N Egypt
97%
Europe 59°30' N Finland
97%
Europe 63°23' N Iceland
97%
Europe 58°00' N Norway
97%
North America 18°54' N United States
97%
Africa 18°58' N Algeria
96%
Africa 20°47' N Morocco
96%
South America 4°14 S Colombia
95%
Africa 19°30' N Libya
95%
Africa 30°15' N Tunisia
95%
Europe 57°31' N Estonia
94%
South America 0°40' N Venezuela
94%
South America 1°50' N Guyana
93%
Asia 40°34' N Kazakhstan
93%
Europe 55°40' N Latvia
93%
Asia 41º34' N Mongolia
93%
South America 1°11' N Suriname
93%
North America 19°50' N Cuba
92%
North America 20°55' N Bahamas
91%
South America 5°00' S Ecuador
90%
North America 18°58' N Haiti
87%
Oceania 1°01' N F.S. of Micronesia
86%
Oceania 4°34' N Marshall Islands
86%
Asia 41°03' N Georgia
85%
Oceania 0°30' S Nauru
85%
Oceania 2°47' N Palau
85%
Asia 39°10' N Kyrgyzstan
84%
Asia 38°50' N Armenia
83%
Oceania 10°13' S Tuvalu
82%
No matching quizzes found
Score Distribution
Percent of People with Each Score
Percentile by Number Answered
Your Score History
You have not taken this quiz